Normal view MARC view

Entry Nombre personal

Number of records used in: 1

001 - NÚMERO DE CONTROL

  • campo de control: 25762

003 - IDENTIFICADOR DE NÚMERO DE CONTROL

  • campo de control: BP

005 - FECHA Y HORA DE LA ÚLTIMA TRANSACCIÓN

  • campo de control: 20220712120340.0

008 - ELEMENTOS DE DATO DE LONGITUD-FIJA

  • campo de control de longitud fija: 220712|| aca||aabn | a|a d

040 ## - FUENTE DE CATALOGACIÓN

  • Centro catalogador/agencia de origen: BP
  • Centro/agencia transcriptor: BP

100 ## - ENCABEZAMIENTO-NOMBRE DE PERSONA

  • Nombre de persona: Driau de Galimberti, N. M. A

670 ## - FUENTE DE DATOS ENCONTRADOS

  • Cita de la fuente: Work cat.: (BP)21557: Driau de Galimberti, N. M. A. , Florilegio de actividades para jardín de infantes y primeros grados de la educación elemental / , c1962